|
|
|
|
| LEADER |
01378nam a22002537a 4500 |
| 001 |
38826 |
| 003 |
BD-DhAAL |
| 008 |
220901t2021 bg a|||| |||| 00| 0 eng d |
| 999 |
|
|
|c 44894
|d 44894
|
| 020 |
|
|
|a 9789843497567
|
| 040 |
|
|
|a BD-DhAAL
|c BD-DhAAL
|
| 082 |
|
|
|a 338.95492
|2 23
|
| 245 |
|
|
|a Fueling hope :
|b dear world, this is my love letter to you /
|c Team Bertho.
|
| 260 |
|
|
|a Dhaka :
|b [publisher not identified],
|c 2021.
|
| 300 |
|
|
|a 96 pages :
|b illustrations ;
|c 22 cm.
|
| 541 |
|
|
|a Complimentary copy from Team Bertho
|e 38826, 38827, 38828
|
| 650 |
|
|
|a Entrepreneurship
|z Bangladesh
|v Congresses.
|9 51215
|
| 650 |
|
|
|a Business.
|9 51216
|
| 710 |
|
|
|a Team Bertho (Bangladesh),
|e youth-led organization.
|9 51217
|
| 852 |
|
|
|a Ayesha Abed Library
|c General Stacks
|
| 942 |
|
|
|2 ddc
|c BK
|
| 952 |
|
|
|0 0
|1 0
|2 ddc
|4 0
|6 338_954920000000000_FUE
|7 0
|9 71768
|a BRACUL
|b BRACUL
|c GEN
|d 2022-09-01
|e Complimentary copy from Team Bertho
|l 1
|m 13
|o 338.95492 FUE
|p 3010038826
|r 2023-08-03
|s 2023-04-30
|t 1
|w 2022-09-01
|y BK
|
| 952 |
|
|
|0 0
|1 0
|2 ddc
|4 0
|6 338_954920000000000_FUE
|7 0
|9 71769
|a BRACUL
|b BRACUL
|c GEN
|d 2022-09-01
|e Complimentary copy from Team Bertho
|l 1
|o 338.95492 FUE
|p 3010038827
|r 2026-04-30
|s 2026-04-23
|t 2
|w 2022-09-01
|y BK
|
| 952 |
|
|
|0 0
|1 0
|2 ddc
|4 0
|6 338_954920000000000_FUE
|7 0
|9 71770
|a BRACUL
|b BRACUL
|c GEN
|d 2022-09-01
|e Complimentary copy from Team Bertho
|l 0
|o 338.95492 FUE
|p 3010038828
|r 2022-09-01
|t 3
|w 2022-09-01
|y BK
|